A migráció főbb jellegzetességei Tiszafüred környékén a XVIII-XIX. században
Elmentve itt :
| Szerző: | |
|---|---|
| Dokumentumtípus: | Könyv része |
| Megjelent: |
1997
|
| Sorozat: | Táj és Népi Kultúra
2 Migráció és település a Duna-Tisza közén = Migration und Besiedlung auf dem Donau-Theiß-Zwischen-Stromland 2. 2 |
| Kulcsszavak: | Településtörténet - Duna-Tisza köze - 18-19. sz., Migráció - Duna-Tisza köze - 18-19. sz., Duna-Tisza köze - társadalomtörténet - 18-19. sz., Tiszafüred |
| Tárgyszavak: | |
| Online Access: | http://acta.bibl.u-szeged.hu/71204 |
| LEADER | 01107naa a2200241 i 4500 | ||
|---|---|---|---|
| 001 | acta71204 | ||
| 005 | 20220214152358.0 | ||
| 008 | 201218s1997 hu o 0|| hun d | ||
| 022 | |a 1785-0991 ; 2416-3414 | ||
| 040 | |a SZTE Egyetemi Kiadványok Repozitórium |b hun | ||
| 041 | |a hun | ||
| 100 | 1 | |a Gulyás Katalin | |
| 245 | 1 | 2 | |a A migráció főbb jellegzetességei Tiszafüred környékén a XVIII-XIX. században |h [elektronikus dokumentum] / |c Gulyás Katalin |
| 260 | |c 1997 | ||
| 300 | |a 207-212 | ||
| 490 | 0 | |a Táj és Népi Kultúra |v 2 | |
| 490 | 0 | |a Migráció és település a Duna-Tisza közén = Migration und Besiedlung auf dem Donau-Theiß-Zwischen-Stromland 2. |v 2 | |
| 650 | 4 | |a Társadalomtudományok | |
| 650 | 4 | |a Szociológia | |
| 650 | 4 | |a Bölcsészettudományok | |
| 650 | 4 | |a Történettudomány és régészet | |
| 695 | |a Településtörténet - Duna-Tisza köze - 18-19. sz., Migráció - Duna-Tisza köze - 18-19. sz., Duna-Tisza köze - társadalomtörténet - 18-19. sz., Tiszafüred | ||
| 856 | 4 | 0 | |u http://acta.bibl.u-szeged.hu/71204/1/taj_es_nepi_kultura_001_207-212.pdf |z Dokumentum-elérés |